Statement in technology : Innovations overcome the depression
保存先:
| 第一著者: | |
|---|---|
| フォーマット: | 図書 |
| 言語: | Undetermined |
| 出版事項: |
Cambridge
Ballinger Publishing Compant
1975
|
| 主題: | |
| タグ: |
タグ追加
タグなし, このレコードへの初めてのタグを付けませんか!
|
| Thư viện lưu trữ: | Trung tâm Học liệu Trường Đại học Cần Thơ |
|---|
| LEADER | 00517nam a2200181Ia 4500 | ||
|---|---|---|---|
| 001 | CTU_78147 | ||
| 008 | 210402s9999 xx 000 0 und d | ||
| 082 | |a 338.5 | ||
| 082 | |b M548 | ||
| 100 | |a Mensch, Gerhard | ||
| 245 | 0 | |a Statement in technology : | |
| 245 | 0 | |b Innovations overcome the depression | |
| 245 | 0 | |c Gerhard Mensch | |
| 260 | |a Cambridge | ||
| 260 | |b Ballinger Publishing Compant | ||
| 260 | |c 1975 | ||
| 650 | |a Technoloical innovations | ||
| 980 | |a Trung tâm Học liệu Trường Đại học Cần Thơ | ||